00781 a2200217 4500999001900000001000600019003000500025005001700030008004100047020001500088082001700103100002700120245008000147250000800227260004900235300001500284500003100299942003500330952009900365952009900464 c320935d32093585862NUST20180121120636.0180121b xxu||||| |||| 00| 0 eng d a9280805126 a331.0952 TAK aJōzen Takeuchi99346 aThe role of labour-intensive sectors in Japanese industrializationhEnglish a1st aTokyobUnited Nations University Pressc1991 aix, 219 p. aGifted By AM Masood Akhtar acaenustcBKk331.0952 TAK2ddc 001040708NFICaCAEbCAEd2017-04-03l0o331.0952 TAKpCAEG-9659r2017-04-05w2017-04-05yBK 001040708NFICaCAEbCAEd2017-04-03l0o331.0952 TAKpCAEG-9660r2017-04-05w2017-04-05yBK